000 00833nam a2200265 i 4500
003 DO-SdBNP
005 20230628101925.0
007 ta
008 230628b2022 dr ag||| |||| 00| 0 spa d
020 _a9789945510140
040 _aDO-SdBNP
_bspa
_cBNPHU
_erda
082 4 _222
100 _91334
_aMejía-Ricart, Tirso,
_eautor
245 1 0 _aBreve historia dominicana /
_cTirso Mejía-Ricart ; corrección, Andrés Blanco
264 _aSanto Domingo :
_bNacional,
_c2022.
300 _a92 páginas ;
_c23 cm.
336 _2rdacontent
_atexto
_btxt
337 _2rdamedia
_asin mediación
_bn
338 _2rdacarrier
_avolumen
_bnc
500 _aincluye datos biográficos del autor en las solapas
590 _aInventariado, 2023/BT
700 1 _aBlanco, Andrés,
_965937
_ecorrección
910 _aBtavárez
942 _2ddc
_cLBS1
999 _c53988
_d53988